| 000 | 00442nam a2200157Ia 4500 | ||
|---|---|---|---|
| 008 | 230312s9999||||xx |||||||||||||| ||und|| | ||
| 020 | _a81-7758-316-6 | ||
| 082 |
_a658.84 _bKal-e |
||
| 100 | _aWhinston Andrew B. | ||
| 245 | 0 | _aElectronic Commerce | |
| 260 |
_bPearson _aDelhi _c2007 |
||
| 300 | _a431 | ||
| 546 | _aEng. | ||
| 650 |
_aEngineering _vIntroduction to Electronic Commerce.The Internet and the Access Provider Industr |
||
| 942 | _cBK | ||
| 999 |
_c267 _d267 |
||